[Event "Open Ricany 2006"]
[Site "?"]
[Date "2006.??.??"]
[Round "6.19"]
[White "Bernath, Stefan"]
[Black "Kojetsky, Pavel"]
[Result "0-1"]
[WhiteElo "1967"]
[BlackElo "2168"]
[PlyCount "95"]
[EventDate "2006.??.??"]

1. e4 e5 2. Nf3 Nc6 3. Bb5 a6 4. Bxc6 dxc6 5. O-O Bd6 6. d4 exd4 7. Qxd4 f6 8.
Be3 Ne7 9. c4 c5 10. Qc3 Ng6 11. Nbd2 O-O 12. Rfe1 Be6 13. Rad1 Qe7 14. b3 h5
15. h3 a5 16. Qc2 a4 17. Ra1 Qd7 18. Red1 Qc6 19. Nf1 Rfe8 20. Rd5 axb3 21.
Qxb3 Bxd5 22. exd5 Qd7 23. N1d2 b6 24. Qc2 Kf7 25. Ne4 Nf8 26. Nc3 Ng6 27. Ne4
Nf8 28. Nc3 g6 29. Re1 Qf5 30. Qd2 g5 31. Nb5 Ra4 32. Rc1 Re4 33. Qd3 Kg6 34.
Nd2 Re8 35. Qb3 Ra6 36. a3 Nd7 37. Nf3 Ne5 38. Nxe5+ Bxe5 39. Rd1 Rea8 40. Bc1
Ra4 41. Be3 Qe4 42. Rc1 g4 43. hxg4 hxg4 44. Qc2 Qxc2 45. Rxc2 f5 46. g3 Re8
47. Kf1 Bxg3 48. Bxc5 0-1

[Event "Open Ricany 2006"]
[Site "?"]
[Date "2006.??.??"]
[Round "6.24"]
[White "Kovar, Josef"]
[Black "Nepustil, Frantisek"]
[Result "1-0"]
[WhiteElo "1981"]
[BlackElo "1995"]
[PlyCount "121"]
[EventDate "2006.??.??"]

1. b3 d5 2. Bb2 Nc6 3. f4 Bf5 4. Nf3 e6 5. e3 Nge7 6. Be2 Qd7 7. O-O O-O-O 8.
d3 h6 9. Nbd2 Rg8 10. Nd4 Nxd4 11. Bxd4 Nc6 12. Bb2 g5 13. Kh1 Bg7 14. Qc1 gxf4
15. Rxf4 e5 16. Rf2 e4 17. Bxg7 Rxg7 18. Qb2 Rdg8 19. Qf6 Bg6 20. d4 Nb4 21.
Bd1 Qc6 22. a3 Qxf6 23. Rxf6 Nc6 24. c4 Ne7 25. Be2 Bf5 26. g3 Be6 27. Raf1 Rg6
28. Bh5 Rxf6 29. Rxf6 Ng6 30. Kg1 Kd7 31. Kf1 Ke7 32. Rf2 b6 33. cxd5 Bxd5 34.
b4 a5 35. Rf5 Be6 36. Bxg6 Rxg6 37. Re5 axb4 38. axb4 Kd7 39. Nxe4 Bh3+ 40. Ke2
Rc6 41. Kf3 Rc2 42. Nf2 Bf1 43. g4 Rb2 44. Rh5 Rxb4 45. Rxh6 c5 46. dxc5 bxc5
47. Rh7 Bc4 48. h4 Bd5+ 49. e4 Rb3+ 50. Kf4 Be6 51. g5 Kc6 52. h5 c4 53. g6
fxg6 54. hxg6 Rb2 55. Ke3 Rb1 56. Kf4 c3 57. Rh1 Rb2 58. Nd3 Rd2 59. Ke3 Rg2
60. Rc1 c2 61. Nf4 1-0

[Event "Open Ricany 2006"]
[Site "?"]
[Date "2006.??.??"]
[Round "6.29"]
[White "Plhacek, Vaclav"]
[Black "Vorackova, Jarmila"]
[Result "1/2-1/2"]
[WhiteElo "1880"]
[BlackElo "1908"]
[PlyCount "120"]
[EventDate "2006.??.??"]

1. e4 c6 2. d4 d5 3. e5 Bf5 4. Nc3 e6 5. g4 Bg6 6. Be3 Qb6 7. Rb1 c5 8. h4 h6
9. f4 Nc6 10. Bb5 cxd4 11. Bxd4 Bc5 12. Nge2 Nge7 13. h5 Bh7 14. Rh3 O-O 15.
Bxc5 Qxc5 16. Bd3 Bxd3 17. Qxd3 f6 18. exf6 Rxf6 19. Kd2 Nb4 20. Qe3 Qxe3+ 21.
Rxe3 Nec6 22. Nb5 Re8 23. g5 hxg5 24. fxg5 Rf2 25. c3 Na6 26. Rg1 Nc5 27. Ke1
Ne4 28. Rxe4 Rh2 29. Re3 Rxh5 30. Nbd4 e5 31. Nxc6 bxc6 32. Rf3 Re6 33. Kf2 Rg6
34. Rfg3 Kf7 35. Ke3 Ke6 36. c4 Kf5 37. cxd5 cxd5 38. b4 Rhxg5 39. Rxg5+ Rxg5
40. Rxg5+ Kxg5 41. a4 Kf6 42. Ng3 Ke6 43. Nh5 g5 44. Kd3 g4 45. Ng3 Kd6 46. Ke3
Ke6 47. Kd3 Kd6 48. Kc3 Kc6 49. Nf5 Kd7 50. b5 Kc7 51. a5 Kd7 52. Kb4 d4 53.
Kc4 Kc7 54. Kd3 Kd7 55. Ke4 Kc7 56. Kxe5 d3 57. Ne3 g3 58. Kf4 d2 59. Kxg3 Kd6
60. Nc4+ Kc5 1/2-1/2

[Event "Open Ricany 2006"]
[Site "?"]
[Date "2006.??.??"]
[Round "6.25"]
[White "Maly, Filip"]
[Black "Schmalz, Michal"]
[Result "0-1"]
[WhiteElo "1987"]
[BlackElo "1623"]
[PlyCount "63"]
[EventDate "2006.??.??"]

1. Nf3 g6 2. g3 Bg7 3. Bg2 d5 4. O-O Nf6 5. c4 dxc4 6. Na3 O-O 7. Nxc4 c6 8. d3
Be6 9. Qc2 Nbd7 10. Rb1 Nb6 11. b3 Nfd5 12. Bb2 Qc7 13. Bxg7 Kxg7 14. Ng5 Qc8
15. e4 Nf6 16. f4 h6 17. Qc3 Bxc4 18. Qxc4 Kg8 19. Bh3 Qc7 20. e5 Nh7 21. Ne4
e6 22. g4 Rad8 23. Kh1 Nc8 24. f5 Qe7 25. Nf6+ Nxf6 26. exf6 Qd7 27. fxg6 fxg6
28. Rbe1 g5 29. Qc2 Qxd3 30. Qb2 Kf7 31. Rf3 Qd2 32. Rfe3 0-1

[Event "Open Ricany 2006"]
[Site "?"]
[Date "2006.??.??"]
[Round "6.6"]
[White "Ptak, Pavel"]
[Black "Fojtu, Petr"]
[Result "1/2-1/2"]
[WhiteElo "2125"]
[BlackElo "2121"]
[PlyCount "85"]
[EventDate "2006.??.??"]

1. e4 c5 2. Nf3 d6 3. Bd3 g6 4. c3 Bg7 5. O-O e6 6. Bc2 Ne7 7. d4 cxd4 8. cxd4
d5 9. e5 O-O 10. Nc3 Nbc6 11. Bg5 h6 12. Be3 Bd7 13. Qd2 Kh7 14. h4 Na5 15. b3
Rc8 16. h5 Qb6 17. Rac1 Rc7 18. Bd3 Rfc8 19. Ne2 Nac6 20. Nf4 Qa5 21. Qxa5 Nxa5
22. Rxc7 Rxc7 23. Rc1 Rxc1+ 24. Bxc1 Nac6 25. g4 Be8 26. hxg6+ Nxg6 27. Ba3 Kg8
28. Nh5 Nf8 29. Kf1 Nd7 30. Ke2 f6 31. Nxg7 Kxg7 32. Ke3 Bg6 33. Bd6 Bxd3 34.
Kxd3 fxe5 35. dxe5 Kg6 36. a3 h5 37. gxh5+ Kxh5 38. a4 a6 39. Ke3 Kg4 40. b4 b5
41. a5 Kf5 42. Nh4+ Kg5 43. Nf3+ 1/2-1/2

[Event "Open Ricany 2006"]
[Site "?"]
[Date "2006.??.??"]
[Round "7.14"]
[White "Pliva, Vojtech"]
[Black "Macku, Emil"]
[Result "1/2-1/2"]
[WhiteElo "2150"]
[BlackElo "1886"]
[PlyCount "22"]
[EventDate "2006.??.??"]

1. Nf3 Nf6 2. c4 c5 3. Nc3 Nc6 4. d4 cxd4 5. Nxd4 g6 6. e4 d6 7. Be2 Bg7 8. Nc2
O-O 9. O-O Be6 10. f3 Na5 11. b3 Rc8 1/2-1/2

[Event "Open Ricany 2006"]
[Site "?"]
[Date "2006.??.??"]
[Round "7.5"]
[White "Koys, Milan"]
[Black "Ptak, Pavel"]
[Result "1/2-1/2"]
[WhiteElo "2103"]
[BlackElo "2125"]
[PlyCount "30"]
[EventDate "2006.??.??"]

1. e4 g6 2. d4 Bg7 3. Nc3 c6 4. h3 d5 5. Nf3 Nf6 6. Bd3 dxe4 7. Nxe4 Nxe4 8.
Bxe4 Nd7 9. O-O O-O 10. c3 Qc7 11. Re1 a5 12. Bc2 Nf6 13. Bg5 b5 14. a4 e6 15.
Ne5 Bb7 1/2-1/2

[Event "Open Ricany 2006"]
[Site "?"]
[Date "2006.??.??"]
[Round "7.11"]
[White "Buril, Petr"]
[Black "Simecek, Bohumil"]
[Result "1/2-1/2"]
[WhiteElo "1976"]
[BlackElo "2091"]
[PlyCount "34"]
[EventDate "2006.??.??"]

1. f4 d5 2. Nf3 g6 3. g3 Bg7 4. Bg2 Nf6 5. O-O O-O 6. d3 c6 7. c3 Re8 8. d4 Bf5
9. e3 Nbd7 10. Nbd2 Ne4 11. Nxe4 Bxe4 12. Ng5 {=} 12... Bxg2 13. Kxg2 e6 14.
Qf3 f6 15. Nh3 f5 16. Nf2 Nf6 17. Qe2 b5 1/2-1/2

[Event "Open Ricany 2006"]
[Site "?"]
[Date "2006.??.??"]
[Round "7.19"]
[White "Vlcek, Jan"]
[Black "Vanek, Marian"]
[Result "0-1"]
[WhiteElo "1673"]
[BlackElo "1843"]
[PlyCount "42"]
[EventDate "2006.??.??"]

1. e4 c5 2. Nf3 Nc6 3. d4 cxd4 4. Nxd4 g6 5. Be3 Bg7 6. Nc3 Nf6 7. f3 O-O 8.
Qd2 d5 9. exd5 Nxd5 10. Nxc6 bxc6 11. O-O-O Bf5 12. Nxd5 cxd5 13. Qxd5 Rc8 14.
c4 Qc7 15. b3 e6 16. Qd2 Rfd8 17. Qf2 Rxd1+ 18. Kxd1 Rd8+ 19. Kc1 Qe5 20. Bd4
Rxd4 21. Qe2 Bh6+ 0-1

[Event "Open Ricany 2006"]
[Site "?"]
[Date "2006.??.??"]
[Round "7.8"]
[White "Pechacek, Stanislav"]
[Black "Fojtu, Jan"]
[Result "1-0"]
[WhiteElo "2142"]
[BlackElo "2014"]
[PlyCount "75"]
[EventDate "2006.??.??"]

1. Nf3 c5 2. c4 g6 3. Nc3 Bg7 4. d4 cxd4 5. Nxd4 Nf6 6. e4 d6 7. Be2 O-O 8. O-O
Nc6 9. Be3 h6 10. Qd2 Kh7 11. f3 Bd7 12. Rab1 Rc8 13. Rfc1 Ne5 14. Nd5 Ng8 15.
Nb5 e6 16. Nf4 Bxb5 17. cxb5 Qe7 18. a4 Nd7 19. b4 f5 20. exf5 gxf5 21. a5 Ngf6
22. Bxa7 e5 23. Nd5 Nxd5 24. Qxd5 Nf6 25. Qd2 Rg8 26. Rxc8 Rxc8 27. Rc1 Qd7 28.
Rxc8 Qxc8 29. Qxd6 Qc1+ 30. Bf1 e4 31. Qe6 Qf4 32. Qb3 Qd6 33. a6 b6 34. Qc4
Nd7 35. fxe4 Bd4+ 36. Kh1 fxe4 37. Bb8 Qf6 38. Bg3 1-0

[Event "Open Ricany 2006"]
[Site "?"]
[Date "2006.??.??"]
[Round "7.16"]
[White "Zamrazil, Jan"]
[Black "Skacel, Jan"]
[Result "0-1"]
[WhiteElo "1674"]
[BlackElo "2109"]
[PlyCount "112"]
[EventDate "2006.??.??"]

1. d4 Nf6 2. c4 g6 3. Nc3 Bg7 4. e4 d6 5. f4 O-O 6. Nf3 e5 7. dxe5 dxe5 8. Qxd8
Rxd8 9. Nxe5 Re8 10. Bd3 c6 11. O-O Na6 12. Re1 Nc5 13. Rb1 Ng4 14. Bc2 Nxe5
15. fxe5 Bxe5 16. Na4 Nxa4 17. Bxa4 Be6 18. Bb3 a5 19. c5 Bxb3 20. axb3 Rad8
21. Kh1 Rd3 22. Bg5 f6 23. Bh4 Kf7 24. Red1 Red8 25. Rxd3 Rxd3 26. Be1 Rxb3 27.
Bxa5 Rxb2 28. Rd1 Ra2 29. Bb4 Ra1 30. Rxa1 Bxa1 31. Kg1 Bd4+ 32. Kf1 Ke6 33.
Ke2 Bg1 34. h3 f5 35. Kf3 Bd4 36. Kf4 Be5+ 37. Kf3 Bg7 38. Ba5 Bd4 39. Bb6 h6
40. Kf4 g5+ 41. Kf3 f4 42. g3 fxg3 43. Kxg3 h5 44. Kf3 Bg1 45. Ba7 Ke5 46. Bb8+
Kd4 47. Bd6 Kc4 48. Be7 Bxc5 49. Bxg5 b5 50. e5 Kd5 51. Bf6 Ke6 52. Ke4 b4 53.
Kd3 Be7 54. Bg7 Bg5 55. Kc2 c5 56. Kd3 Bf4 0-1

[Event "Open Ricany 2006"]
[Site "?"]
[Date "2006.??.??"]
[Round "7.24"]
[White "Pokorny, Jiri"]
[Black "Prochazka, Petr"]
[Result "0-1"]
[WhiteElo "1855"]
[BlackElo "2011"]
[PlyCount "48"]
[EventDate "2006.??.??"]

1. e4 d5 2. exd5 Nf6 3. Nf3 Nxd5 4. d4 Bg4 5. h3 Bh5 6. c4 Nb6 7. Nc3 Nc6 8.
Be3 e6 9. Be2 Bxf3 10. Bxf3 Qd7 11. d5 exd5 12. Qe2 O-O-O 13. Nxd5 Nxd5 14.
Bxd5 Bb4+ 15. Kf1 Kb8 16. a3 Bd6 17. b4 Rhe8 18. Rd1 Bf4 19. b5 Na5 20. Qe1
Nxc4 21. Bf3 Qc8 22. Bg4 f5 23. Bxf5 Qxf5 24. Rxd8+ Rxd8 0-1

[Event "Open Ricany 2006"]
[Site "?"]
[Date "2006.??.??"]
[Round "7.23"]
[White "Feierfeil, Jiri"]
[Black "Bernath, Stefan"]
[Result "0-1"]
[WhiteElo "2013"]
[BlackElo "1967"]
[PlyCount "94"]
[EventDate "2006.??.??"]

1. d4 Nf6 2. c4 e6 3. Nc3 Bb4 4. Qc2 c5 5. e3 cxd4 6. exd4 b6 7. Bd3 Bb7 8. f3
Be7 9. Be3 d6 10. Nge2 Nbd7 11. O-O Rc8 12. b4 O-O 13. Rac1 Re8 14. Ng3 Nf8 15.
Qb3 Ba8 16. Rfd1 Qc7 17. Bf4 e5 18. dxe5 dxe5 19. Be3 Qb8 20. Nf5 Ng6 21. Nd5
Nxd5 22. cxd5 Bd6 23. Rxc8 Rxc8 24. Ba6 Rd8 25. a4 Ne7 26. Nxd6 Qxd6 27. Bc4 h6
28. g3 Bxd5 29. f4 exf4 30. Bxf4 Qe6 31. Qd3 Rd7 32. Bb5 Bc6 33. Qf1 Bxb5 34.
axb5 Rxd1 35. Qxd1 Nd5 36. Bb8 Qe3+ 37. Kg2 Qe4+ 38. Kf2 Qe3+ 39. Kg2 Qe4+ 40.
Kf2 Nxb4 41. Qd8+ Kh7 42. Bxa7 Nd3+ 43. Kg1 Qe1+ 44. Kg2 Qf2+ 45. Kh3 Qf1+ 46.
Kg4 f5+ 47. Kh5 Qh3+ 0-1

[Event "Open Ricany 2006"]
[Site "?"]
[Date "2006.??.??"]
[Round "7.3"]
[White "Balhar, Jan"]
[Black "Blumel, Otto"]
[Result "0-1"]
[WhiteElo "2311"]
[BlackElo "2262"]
[PlyCount "54"]
[EventDate "2006.??.??"]

1. d4 d6 2. e4 e5 3. Nf3 exd4 4. Qxd4 Nc6 5. Bb5 Bd7 6. Bxc6 Bxc6 7. Bg5 Nf6 8.
Nc3 Be7 9. O-O-O O-O 10. e5 Ne8 11. Bxe7 Qxe7 12. Nd5 Bxd5 13. Qxd5 dxe5 14.
Qxb7 Nf6 15. Rhe1 Rab8 16. Qc6 Qb4 17. b3 Rb6 18. Qxc7 e4 19. Ne5 Nd5 20. Qc4
Qa3+ 21. Kb1 Nb4 22. Rd4 Qxa2+ 23. Kc1 Rbb8 24. Re2 Qa3+ 25. Kb1 Qa2+ 26. Kc1
Rbd8 27. Rexe4 Rc8 0-1

[Event "Open Ricany 2006"]
[Site "?"]
[Date "2006.??.??"]
[Round "7.9"]
[White "Pospisil, Evzen"]
[Black "Boleslav, Petr"]
[Result "0-1"]
[WhiteElo "2125"]
[BlackElo "2044"]
[PlyCount "94"]
[EventDate "2006.??.??"]

1. d4 Nf6 2. c4 c5 3. d5 b5 4. cxb5 a6 5. f3 d6 6. e4 g6 7. Nc3 Bg7 8. a4 O-O
9. Bc4 Nfd7 10. Nge2 Ne5 11. b3 Bd7 12. Ra2 axb5 13. Nxb5 Bxb5 14. Bxb5 Qb6 15.
f4 Ng4 16. h3 Nf6 17. Qd3 Na6 18. Qc4 Nc7 19. Bc6 Rab8 20. Ng3 Qxb3 21. Qxb3
Rxb3 22. Kf2 Nfxd5 23. exd5 Bd4+ 24. Ke1 Rxg3 25. Rf1 Na6 26. Rf3 Rxf3 27. gxf3
Nb4 28. Re2 e6 29. a5 Nxc6 30. dxc6 Rc8 31. f5 Rxc6 32. fxe6 fxe6 33. Rxe6 Kf7
34. Re2 Bc3+ 35. Bd2 Bxd2+ 36. Rxd2 Ke6 37. Ra2 Ra6 38. Kd2 d5 39. Ke3 Kd6 40.
Kf4 c4 41. h4 d4 42. h5 Kc5 43. hxg6 hxg6 44. Ke5 d3 45. Ke4 Re6+ 46. Kf4 Kb5
47. Kg5 c3 0-1

[Event "Open Ricany 2006"]
[Site "?"]
[Date "2006.??.??"]
[Round "7.13"]
[White "Kojetsky, Pavel"]
[Black "Boucek, Vlastimil"]
[Result "1-0"]
[WhiteElo "2168"]
[BlackElo "2033"]
[PlyCount "69"]
[EventDate "2006.??.??"]

1. d4 d6 2. g3 c6 3. Bg2 Nd7 4. Nf3 e5 5. e4 g6 6. O-O f6 7. c3 Nh6 8. a4 Nf7
9. b4 Be7 10. Qb3 O-O 11. a5 Kg7 12. Ne1 Re8 13. f4 Qc7 14. Nd3 c5 15. Na3 Nf8
16. fxe5 cxd4 17. cxd4 dxe5 18. d5 Bd7 19. Be3 b6 20. Rfc1 Qd8 21. axb6 axb6
22. Nc4 Rxa1 23. Rxa1 Bb5 24. Nxb6 Qc7 25. Nc5 Rb8 26. Nc4 Qc8 27. Ra7 Bd7 28.
Qa3 Bd6 29. Nxd6 Nxd6 30. Ne6+ Kg8 31. Nxf8 Nb5 32. Nxd7 Rb7 33. Nxf6+ Kf7 34.
Rxb7+ Qxb7 35. Qc1 1-0

[Event "Open Ricany 2006"]
[Site "?"]
[Date "2006.??.??"]
[Round "7.25"]
[White "Lavrincik, Pavel"]
[Black "Voracek, Zdenek"]
[Result "0-1"]
[WhiteElo "2000"]
[BlackElo "2057"]
[PlyCount "78"]
[EventDate "2006.??.??"]

1. c4 Nf6 2. Nc3 c5 3. e4 Nc6 4. g3 e6 5. Bg2 Be7 6. Nge2 O-O 7. O-O d6 8. f4
Rb8 9. d4 cxd4 10. Nxd4 Nxd4 11. Qxd4 b6 12. b3 d5 13. Kh1 Bc5 14. Qe5 Nd7 15.
Qh5 Bd4 16. Bb2 dxe4 17. Rad1 Bxc3 18. Bxc3 f5 19. Be5 Ra8 20. Rd6 Qe8 21. Qg5
Qf7 22. Bc3 Nc5 23. Rfd1 Bb7 24. R1d4 e5 25. fxe5 Ne6 26. Rxe6 Qxe6 27. Rd6 h6
28. Qd2 Qe8 29. e6 Rd8 30. Qd4 Qe7 31. Bb4 Rxd6 32. Qxd6 Qxd6 33. Bxd6 Rf6 34.
e7 Kf7 35. c5 bxc5 36. Bxc5 a5 37. Kg1 Rc6 38. b4 axb4 39. Bxb4 Rc1+ 0-1

[Event "Open Ricany 2006"]
[Site "?"]
[Date "2006.??.??"]
[Round "7.2"]
[White "Sodoma, Jan"]
[Black "Vojta, Pavel"]
[Result "1-0"]
[WhiteElo "2285"]
[BlackElo "2136"]
[PlyCount "107"]
[EventDate "2006.??.??"]

1. e4 e6 2. d4 d5 3. e5 c5 4. c3 Nc6 5. Nf3 Qb6 6. a3 cxd4 7. cxd4 Nge7 8. b4
Nf5 9. Be3 Be7 10. Bd3 Nxe3 11. fxe3 f5 12. Nc3 O-O 13. h4 Qd8 14. g3 Bd7 15.
Ne2 Be8 16. Nf4 Bf7 17. Kf2 g6 18. Kg2 Kg7 19. Bb5 Rc8 20. Rc1 a5 21. Bxc6 bxc6
22. Qa4 axb4 23. axb4 {=} 23... Qd7 24. Rc2 Rc7 25. Rhc1 Rfc8 26. Nd3 h6 27.
Nc5 Bxc5 28. Rxc5 Be8 29. Qc2 Ra7 30. b5 Rca8 31. bxc6 Qc7 32. Kg1 Ra6 33. Ne1
Rc8 34. Qb3 Rxc6 35. Rxc6 Bxc6 36. Nd3 Qb7 37. Qxb7+ Bxb7 38. Nc5 Kf7 39. Ra1
Ra8 40. Rb1 Bc6 41. Rb6 Rc8 42. Kf2 Ke7 43. Ke2 Rc7 44. Rb8 Kf7 45. Kf3 Bd7 46.
Rd8 Bc8 47. Ke2 Bb7 48. Rh8 Kg7 49. Nxe6+ Kxh8 50. Nxc7 Kg7 51. Ne6+ Kg8 52.
Kd2 Ba8 53. Kc3 Kf7 54. Nc7 1-0

[Event "Open Ricany 2006"]
[Site "?"]
[Date "2006.??.??"]
[Round "7.12"]
[White "Moravec, Vit"]
[Black "Matejovsky, Ondrej"]
[Result "1-0"]
[WhiteElo "1619"]
[BlackElo "2081"]
[PlyCount "87"]
[EventDate "2006.??.??"]

1. e4 e5 2. f4 Bc5 3. Nf3 d6 4. Nc3 Nc6 5. Bb5 Bd7 6. d3 Nd4 7. Bxd7+ Qxd7 8.
Nxd4 Bxd4 9. Bd2 Nf6 10. f5 d5 11. Qf3 c6 12. O-O-O Bxc3 13. Bxc3 d4 14. Bd2
Qd6 15. g4 O-O-O 16. g5 Nd7 17. Rdf1 Kb8 18. h4 c5 19. Kb1 b5 20. h5 h6 21.
gxh6 gxh6 22. Rhg1 Qf6 23. Rg4 c4 24. Bb4 Rc8 25. dxc4 bxc4 26. Qa3 Qc6 27. Rg7
Qxe4 28. Rxf7 Qc6 29. Bd6+ Ka8 30. Bxe5 Rhe8 31. Bxd4 Rc7 32. Qg3 Qe4 33. Bc3
Qb7 34. Qf3 Qxf3 35. Rxf3 Kb7 36. a3 Nb6 37. Rxc7+ Kxc7 38. f6 Nd7 39. f7 Rc8
40. Bg7 Nf8 41. Bxh6 Kd7 42. Bxf8 Rxf8 43. h6 Ke7 44. h7 1-0

[Event "Open Ricany 2006"]
[Site "?"]
[Date "2006.??.??"]
[Round "7.1"]
[White "Vojta, Tomas"]
[Black "Mazoch, Jiri"]
[Result "1-0"]
[WhiteElo "2303"]
[BlackElo "2090"]
[PlyCount "116"]
[EventDate "2006.??.??"]

1. e4 c5 2. f4 d5 3. exd5 Nf6 4. Nc3 Nxd5 5. Nf3 Nc6 6. Bb5 Bg4 7. h3 Nxc3 8.
bxc3 Bd7 9. O-O e6 10. Qe2 Bd6 11. Ne5 O-O 12. Bxc6 bxc6 13. d3 Rb8 14. c4 Be8
15. Bd2 Qc7 16. g3 16... f6 {=} 17. Nf3 Bd7 18. Kg2 Rfe8 19. Bc3 Rb7 20. Qf2
Bc8 21. Rae1 Qd8 22. Nd2 Bf8 23. Ne4 Qe7 24. Re2 Bd7 25. Rfe1 Reb8 26. Nd2 Rb6
27. a4 Qd6 28. Kh2 Bc8 29. Ne4 Qe7 30. g4 h6 31. Qg3 Kh7 32. g5 f5 33. Nd2 g6
34. gxh6 Bxh6 35. Nf3 Rb1 36. Ng5+ Bxg5 37. fxg5 Kg8 38. Qe5 Qh7 39. Qd6 Qd7
40. Qxc5 Rxe1 41. Rxe1 Rb7 42. Bf6 Qc7+ 43. Kg2 Qd7 44. Rf1 e5 45. Qxe5 f4 46.
Rf3 Qe6 47. Qxe6+ Bxe6 48. Rxf4 Rb1 49. Rh4 Rc1 50. c3 Rd1 51. Rd4 Bf5 52. Rd8+
Kf7 53. d4 Rd2+ 54. Kg1 Bxh3 55. Ra8 Ke6 56. Rxa7 Rd3 57. Rc7 Kd6 58. Be5+ Ke6
1-0

[Event "Open Ricany 2006"]
[Site "?"]
[Date "2006.??.??"]
[Round "7.21"]
[White "Rerabkova, Lucie"]
[Black "Vokolek, Jaroslav"]
[Result "1-0"]
[WhiteElo "1976"]
[BlackElo "1734"]
[PlyCount "51"]
[EventDate "2006.??.??"]

1. e4 d5 2. exd5 Qxd5 3. Nc3 Qd6 4. d4 Nf6 5. Nf3 a6 6. Be3 e6 7. Qd2 b5 8.
O-O-O Bb7 9. Ne5 Nbd7 10. f4 c5 11. Qf2 c4 12. Rg1 Be7 13. g4 O-O 14. g5 Nd5
15. Ne4 Qc7 16. Rg3 c3 17. Rh3 cxb2+ 18. Kb1 Nxe3 19. Qxe3 Nxe5 20. dxe5 Rfd8
21. Bd3 Qa5 22. Nf6+ Bxf6 23. gxf6 g6 24. Rxh7 Bd5 25. Rg7+ Kf8 26. Qc5+ 1-0

[Event "Open Ricany 2006"]
[Site "?"]
[Date "2006.??.??"]
[Round "7.7"]
[White "Koper, Stefan"]
[Black "Srba, Milan"]
[Result "0-1"]
[WhiteElo "2058"]
[BlackElo "2203"]
[PlyCount "86"]
[EventDate "2006.??.??"]

1. d4 d5 2. Nf3 Nf6 3. Bf4 c5 4. e3 Qb6 5. Qc1 Nc6 6. c3 Bf5 7. h3 h6 8. Nbd2
cxd4 9. exd4 Rc8 10. Nb3 Nb4 11. Be2 Nc2+ 12. Kf1 Nxa1 13. Qxa1 e6 14. Ne5 Bd6
15. g4 Be4 16. f3 Bh7 17. Qc1 Nd7 18. Nxd7 Kxd7 19. Kg2 g5 20. Bxd6 Qxd6 21.
Qe3 f6 22. Nc5+ Kc7 23. Qxe6 Qxe6 24. Nxe6+ Kd6 25. Nc5 b6 26. Nb3 h5 27. gxh5
Bf5 28. Kg3 Rxh5 29. f4 gxf4+ 30. Kxf4 Rxh3 31. Rf1 Be6 32. Nd2 Rh2 33. Ke3 f5
34. Nf3 Rg2 35. Nh4 Rg5 36. Nf3 Rg3 37. Kf4 Rcg8 38. Rh1 Rg2 39. Ke3 f4+ 40.
Kd2 Bg4 41. Rh6+ Kc7 42. Kd1 Re8 43. Rh7+ Kb8 0-1

[Event "Open Ricany 2006"]
[Site "?"]
[Date "2006.??.??"]
[Round "7.22"]
[White "Schmalz, Michal"]
[Black "Sochorova, Jana"]
[Result "0-1"]
[WhiteElo "1626"]
[BlackElo "1761"]
[PlyCount "118"]
[EventDate "2006.??.??"]

1. c4 Nf6 2. Nc3 e6 3. g3 d5 4. cxd5 exd5 5. Bg2 c6 6. d3 Bb4 7. Bd2 O-O 8. a3
Ba5 9. b4 Bb6 10. Nf3 Re8 11. O-O Bf5 12. Na4 Bc7 13. Nd4 Bg6 14. Rc1 Nbd7 15.
Bg5 h6 16. Bxf6 Qxf6 17. Nb5 Be5 18. d4 cxb5 19. dxe5 Qxe5 20. Nc5 Nxc5 21.
Rxc5 Qxe2 22. Qxe2 Rxe2 23. Rxd5 Ra2 24. Rc1 a6 25. Rdc5 Rb8 26. Rc8+ Rxc8 27.
Rxc8+ Kh7 28. Bxb7 Rxa3 29. Ra8 Rb3 30. Rxa6 Rxb4 31. Rb6 Rb1+ 32. Kg2 b4 33.
Bd5 f6 34. h4 Rb2 35. Rb8 h5 36. Kf3 Bc2 37. Ke3 b3 38. f3 Rb1 39. Be4+ Bxe4
40. Kxe4 b2 41. Kf4 Kg6 42. Rb7 Kh6 43. Rb6 g6 44. Rb7 g5+ 45. hxg5+ fxg5+ 46.
Kf5 Rf1 47. Rxb2 Rxf3+ 48. Ke5 Rxg3 49. Rb6+ Kg7 50. Rb7+ Kg6 51. Rb6+ Kf7 52.
Rb7+ Ke8 53. Rb8+ Kd7 54. Rb7+ Kc6 55. Rh7 h4 56. Rh6+ Kc5 57. Ke4 h3 58. Ke5
g4 59. Kf4 Rg2 0-1

[Event "Open Ricany 2006"]
[Site "?"]
[Date "2006.??.??"]
[Round "7.29"]
[White "Novak, Jindrich"]
[Black "Plhacek, Vaclav"]
[Result "1-0"]
[WhiteElo "1966"]
[BlackElo "1880"]
[PlyCount "141"]
[EventDate "2006.??.??"]

1. d3 d5 2. e4 dxe4 3. dxe4 Qxd1+ 4. Kxd1 Nf6 5. f3 e6 6. Be3 Nbd7 7. c3 Be7 8.
Nd2 O-O 9. Ne2 Rd8 10. Kc2 a6 11. Nb3 c5 12. Na5 Ne5 13. Nf4 b6 14. Nc4 Nxc4
15. Bxc4 Bb7 16. a4 Ne8 17. e5 Nc7 18. Bd3 Rd7 19. Be4 Bxe4+ 20. fxe4 Rad8 21.
Rad1 Kf8 22. a5 Rxd1 23. Rxd1 Rxd1 24. Kxd1 bxa5 25. Kc2 Na8 26. c4 Nb6 27. b3
Ke8 28. Nd3 Nd7 29. Kb2 Kd8 30. Ka3 Kc7 31. Ka4 Kb6 32. Bd2 f6 33. Bxa5+ Kc6
34. Bc3 Kb6 35. h3 fxe5 36. Nxe5 Nxe5 37. Bxe5 Bf6 38. Bd6 Bd4 39. Be7 Bc3 40.
Bd8+ Kc6 41. g4 g6 42. Bh4 Bd2 43. Ka3 h6 44. Kb2 Bf4 45. Be7 Bd6 46. Bf6 Bf4
47. Kc2 Kd6 48. Kd3 Be5 49. Bd8 Kd7 50. Ba5 Kd6 51. Bd2 h5 52. gxh5 gxh5 53.
Ke2 Ke7 54. Be3 Bd6 55. e5 Bxe5 56. Bxc5+ Kf6 57. Be3 Bc3 58. Kd3 Ba5 59. Ke4
Bb4 60. Bd4+ Ke7 61. Kf4 Bd2+ 62. Be3 Be1 63. Kg5 h4 64. Kg4 Kd6 65. Bg5 Ke5
66. Bxh4 Bb4 67. Bd8 Kd4 68. h4 Kc3 69. h5 Kxb3 70. Bf6 Bf8 71. c5 1-0

[Event "Open Ricany 2006"]
[Site "?"]
[Date "2006.??.??"]
[Round "7.27"]
[White "Nepustil, Frantisek"]
[Black "Svitak, David"]
[Result "1-0"]
[WhiteElo "1995"]
[BlackElo "1803"]
[PlyCount "47"]
[EventDate "2006.??.??"]

1. e4 c5 2. b4 cxb4 3. Nf3 Nc6 4. d4 e6 5. a3 Nf6 6. Nbd2 Be7 7. Bd3 O-O 8. h4
d5 9. e5 Nd7 10. Bxh7+ Kh8 11. Bd3 g6 12. Nb3 Kg7 13. Ng5 Rh8 14. Qg4 Nf8 15.
h5 f5 16. Qg3 Qe8 17. Ke2 Nd8 18. Bd2 bxa3 19. Rh2 Nf7 20. Rah1 Bxg5 21. Bxg5
Nxg5 22. Qxg5 Qf7 23. hxg6 Qxg6 24. Qe7+ 1-0

[Event "Open Ricany 2006"]
[Site "?"]
[Date "2006.??.??"]
[Round "7.4"]
[White "Fojtu, Petr"]
[Black "Sharashenidze, Akaki"]
[Result "0-1"]
[WhiteElo "2121"]
[BlackElo "2271"]
[PlyCount "62"]
[EventDate "2006.??.??"]

1. f4 d5 2. Nf3 Nf6 3. g3 c5 4. Bg2 Nc6 5. d3 Bf5 6. c3 e6 7. O-O Be7 8. Qe1 d4
9. Na3 Rb8 10. h3 Bg6 11. g4 h5 12. g5 Nd5 13. Nh4 Bf5 14. e4 dxe3 15. Nxf5
exf5 16. Bxe3 O-O 17. g6 Nxe3 18. gxf7+ Rxf7 19. Qxe3 Rf6 20. Rae1 Bf8 21. Kh1
b5 22. Re2 Qd6 23. Rfe1 Ne7 24. Qf3 Ng6 25. Rf1 Nh4 26. Qxh5 Rh6 27. Qg5 Qxd3
28. Rff2 Nxg2 29. Rxg2 Rxh3+ 30. Kg1 Qd1+ 31. Kf2 Re8 0-1

[Event "Open Ricany 2006"]
[Site "?"]
[Date "2006.??.??"]
[Round "7.10"]
[White "Horak, Vladimir"]
[Black "Vanecek, Stanislav"]
[Result "1-0"]
[WhiteElo "2107"]
[BlackElo "2005"]
[PlyCount "99"]
[EventDate "2006.??.??"]

1. d4 d6 2. c4 Nf6 3. Nc3 g6 4. e4 Bg7 5. h3 O-O 6. Nf3 e5 7. dxe5 dxe5 8. Qxd8
Rxd8 9. Bg5 c6 10. Nxe5 Re8 11. O-O-O Rxe5 12. Rd8+ Re8 13. Bxf6 Rxd8 14. Bxd8
Bxc3 15. bxc3 Be6 16. Bc7 f6 17. Be2 Nd7 18. Rd1 Nb6 19. Rd4 Kf7 20. Bd6 Na4
21. Kc2 c5 22. Rd1 Rd8 23. f4 Nb6 24. Bxc5 Rxd1 25. Kxd1 Nxc4 26. Bxa7 Nd6 27.
a3 Nxe4 28. Kc2 Bd5 29. Bf3 Ke6 30. Kd3 f5 31. Kd4 Bc6 32. h4 Kd6 33. Bb8+ Ke6
34. c4 Ba4 35. g4 Bc6 36. g5 Ba4 37. h5 Bc2 38. h6 Bb3 39. Be2 Ke7 40. c5 Ke6
41. Bb5 Kf7 42. a4 Be6 43. a5 Nd2 44. Kc3 Nb3 45. Kb4 Nd4 46. Ba4 Ke7 47. Be5
Nf3 48. Bf6+ Kf7 49. c6 Bc8 50. Bb3+ 1-0

[Event "Open Ricany 2006"]
[Site "?"]
[Date "2006.??.??"]
[Round "7.6"]
[White "Vavrinec, Tomas"]
[Black "Lizner, Milan"]
[Result "0-1"]
[WhiteElo "2093"]
[BlackElo "2125"]
[PlyCount "84"]
[EventDate "2006.??.??"]

1. Nf3 f5 2. d3 Nf6 3. e4 d6 4. e5 dxe5 5. Nxe5 Qd5 6. d4 e6 7. Nf3 Nc6 8. Be2
Be7 9. O-O O-O 10. Bf4 Qd8 11. c4 Kh8 12. Nc3 Bd6 13. Qc1 a6 14. Rd1 Ne7 15.
Ne5 c6 16. Bf3 Bc7 17. a3 Bd7 18. Qe3 Rc8 19. Re1 Be8 20. Nd3 Bf7 21. Rad1 Ng6
22. Bg5 h6 23. Bxf6 Qxf6 24. Nc5 e5 25. d5 e4 26. Be2 cxd5 27. Nxd5 Bxd5 28.
cxd5 Bxh2+ 29. Kxh2 Qd6+ 30. g3 Rxc5 31. Qd4 Rd8 32. Bc4 Ne5 33. Be2 Rxd5 34.
Qa7 Qe7 35. Rxd5 Rxd5 36. Qb6 f4 37. Qb3 fxg3+ 38. fxg3 Rd2 39. Kh1 Qd7 40. Bf1
Nf3 41. Re2 Rxe2 42. Bxe2 Qh3# 0-1